Магнитные шумы

Λεπτομέρειες βιβλιογραφικής εγγραφής
Κύριος συγγραφέας: Колачевский Н. Н, Николай Николаевич
Γλώσσα:Ρωσικά
Έκδοση: Москва, Наука, 1971
Θέματα:
Μορφή: MixedMaterials Βιβλίο
KOHA link:https://koha.lib.tpu.ru/cgi-bin/koha/opac-detail.pl?biblionumber=87001

MARC

LEADER 00000nam0a2200000 4500
001 87001
005 20231031102000.0
035 |a (RuTPU)RU\TPU\book\93407 
090 |a 87001 
100 |a 20051202d1971 km y0rusy50 ca 
101 0 |a rus 
102 |a RU 
105 |a a z 001zy 
200 1 |a Магнитные шумы  |f Н. Н, Колачевский 
210 |a Москва  |c Наука  |d 1971 
215 |a 136 с.  |c ил. 
320 |a Библиогр.: с. 131-136 
610 1 |a электротехника 
610 1 |a сердечники 
610 1 |a ферромагнетики 
610 1 |a перемагничивание 
610 1 |a флуктуации 
675 |a 621.318.4  |v 3 
675 |a 538.6  |v 3 
700 1 |a Колачевский  |b Н. Н,  |g Николай Николаевич 
801 1 |a RU  |b 63413507  |c 20051202  |g PSBO 
801 2 |a RU  |b 63413507  |c 20130802  |g PSBO 
942 |c BK